Roman Numeral Quiz Random - Statistics

General Stats
  • This quiz has been taken 24 times
  • The average score is 17 of 21
Answer Stats
Number Roman Numerals % Correct
9 IX
100%
7 VII
100%
100 C
95%
24 XXIV
95%
56 LVI
89%
363 CCCLXIII
84%
257 CCLVII
84%
685 DCLXXXV
84%
586 DLXXXVI
84%
82 LXXXII
84%
1286 MCCLXXXVI
84%
345 CCCXLV
79%
78 LXXVIII
79%
2578 MMDLXXVIII
79%
48 XLVIII
79%
88 LXXXVIII
74%
2356 MMCCCLVI
74%
999 CMXCIX
68%
3429 MMMCDXXIX
68%
99 XCIX
68%
2888 MMDCCCLXXXVIII
63%
No matching quizzes found
Score Distribution
Percent of People with Each Score
Percentile by Number Answered
Your Score History
You have not taken this quiz